[Event "XXXIX C.to Italiano a squadre A1"]
[Site "ITA"]
[Date "2007.03.18"]
[Round "3"]
[White "Tonon, Alessandro"]
[Black "Micheli, Carlo"]
[Result "1-0"]
[WhiteElo "2186"]
[BlackElo "2290"]
[PlyCount "111"]
[EventDate "2007.02.18"]

1. d4 d6 2. c4 e5 3. Nf3 e4 4. Ng5 f5 5. Nc3 Nf6 6. g3 g6 7. Bg2 Bg7 8. O-O O-O
9. f3 h6 10. Nh3 exf3 11. exf3 g5 12. f4 g4 13. Nf2 Nc6 14. d5 Ne7 15. Nb5 Bd7
16. Nd4 c5 17. dxc6 bxc6 18. Re1 Ne8 19. Ne6 Bxe6 20. Rxe6 Rb8 21. Nd3 Nc7 22.
Re2 d5 23. Ne5 Bxe5 24. fxe5 dxc4 25. Bxh6 Qxd1+ 26. Rxd1 Rfd8 27. Rc1 Ne6 28.
Rxc4 Rd1+ 29. Kf2 Rbd8 30. Re1 R1d4 31. Rec1 c5 32. Be3 Rd2+ 33. Bxd2 Rxd2+ 34.
Kf1 f4 35. gxf4 Nf5 36. Re1 g3 37. hxg3 Nxg3+ 38. Kg1 Kf7 39. Re3 Ne2+ 40. Rxe2
Rxe2 41. f5 Nd4 42. f6 Kg6 43. Rxc5 Rxb2 44. Bd5 Ne2+ 45. Kf2 Nf4+ 46. Ke3
Nxd5+ 47. Rxd5 Rxa2 48. Ke4 a5 49. Rd7 a4 50. Rg7+ Kh6 51. Kf5 a3 52. Ke6 Re2
53. Ra7 a2 54. Ra8 Kh7 55. f7 Rf2 56. Rxa2 1-0

[Event "XXXIX C.to Italiano a squadre A1"]
[Site "ITA"]
[Date "2007.03.18"]
[Round "3"]
[White "Zoldan, Matteo"]
[Black "Simoli, Sergio"]
[Result "1/2-1/2"]
[WhiteElo "2105"]
[BlackElo "2268"]
[PlyCount "88"]
[EventDate "2007.02.18"]

1. e4 Nc6 2. Nc3 e6 3. Nf3 d5 4. Bb5 dxe4 5. Nxe4 Nf6 6. Nxf6+ Qxf6 7. d4 Bd7
8. O-O Bd6 9. Re1 O-O 10. Bg5 Qf5 11. Bd3 Qa5 12. c3 h6 13. b4 Qa3 14. b5 Ne7
15. Bxe7 Bxe7 16. Ne5 Rad8 17. Re3 Bg5 18. Rg3 Bf4 19. Nc4 Qe7 20. Rf3 e5 21.
Nxe5 Bxe5 22. Re3 Bxh2+ 23. Kxh2 Qd6+ 24. Kg1 Rfe8 25. Rxe8+ Rxe8 26. Qd2 Kf8
27. Rd1 Qd5 28. Qb2 Bg4 29. Qb4+ Kg8 30. c4 Qe6 31. Rc1 b6 32. a4 g6 33. Qc3 h5
34. Bf1 Qf6 35. a5 h4 36. a6 h3 37. gxh3 Bf3 38. Re1 Rxe1 39. Qxe1 Qxd4 40. Qe7
Qf4 41. Bg2 Qc1+ 42. Kh2 Qf4+ 43. Kg1 Qc1+ 44. Kh2 Qf4+ 1/2-1/2

[Event "XXXIX C.to Italiano a squadre A1"]
[Site "ITA"]
[Date "2007.04.01"]
[Round "4"]
[White "Buchicchio, Giampaolo"]
[Black "Tamai, Roberto"]
[Result "0-1"]
[WhiteElo "2287"]
[BlackElo "2286"]
[PlyCount "72"]
[EventDate "2007.02.18"]

1. e4 e5 2. Ne2 Nf6 3. Nbc3 Nc6 4. f4 d5 5. fxe5 Nxe4 6. d4 Bb4 7. Bd2 Bxc3 8.
Bxc3 O-O 9. Ng3 Qh4 10. Qh5 Qf4 11. Qf3 Qh4 12. Qh5 Qxh5 13. Nxh5 Bg4 14. Be2
Bxe2 15. Kxe2 f6 16. exf6 Rae8 17. Nxg7 Nxc3+ 18. Kd3 Ne4 19. Nxe8 Rxe8 20. c3
Nf2+ 21. Kd2 Nxh1 22. Rxh1 Kf7 23. Rf1 Nd8 24. g4 Rg8 25. Rf5 c6 26. g5 h6 27.
gxh6 Rg2+ 28. Kd3 Rxh2 29. b4 Rxh6 30. b5 Rxf6 31. bxc6 bxc6 32. Rh5 Ke6 33.
Rh8 Kd7 34. a4 a5 35. Kc2 Kc7 36. Rh3 Nb7 0-1

[Event "XXXIX C.to Italiano a squadre A1"]
[Site "ITA"]
[Date "2007.04.01"]
[Round "4"]
[White "Capaliku, Aleks"]
[Black "Massironi, Marco"]
[Result "1-0"]
[WhiteElo "2107"]
[BlackElo "2147"]
[PlyCount "45"]
[EventDate "2007.02.18"]

1. f4 d5 2. Nf3 Nf6 3. e3 Bg4 4. b3 c6 5. Bb2 Nbd7 6. d4 e6 7. Bd3 Ne4 8. O-O
f5 9. Qe1 Be7 10. Nbd2 h6 11. c4 g5 12. Bxe4 fxe4 13. Ne5 Bf5 14. Qe2 h5 15.
cxd5 Nxe5 16. dxe5 exd5 17. fxg5 Bg4 18. Qf2 Rf8 19. Qg3 Rxf1+ 20. Rxf1 Bxg5
21. Ba3 Qa5 22. Rf8+ Kd7 23. e6+ 1-0

[Event "XXXIX C.to Italiano a squadre A1"]
[Site "ITA"]
[Date "2007.04.01"]
[Round "4"]
[White "Cereda, Mauro K."]
[Black "Sader, Michael"]
[Result "1/2-1/2"]
[WhiteElo "1718"]
[BlackElo "2259"]
[PlyCount "93"]
[EventDate "2007.02.18"]

1. d4 Nf6 2. c4 c5 3. d5 b5 4. Nf3 d6 5. Nbd2 bxc4 6. e4 g6 7. Bxc4 Bg7 8. O-O
O-O 9. h3 Ba6 10. Re1 Bxc4 11. Nxc4 a5 12. Bd2 a4 13. Bc3 Na6 14. Qd2 Nc7 15.
Rab1 Qb8 16. Na5 Nb5 17. Nc6 Qb7 18. Qd3 Na7 19. Na5 Qd7 20. Nc4 Qb7 21. b4
cxb4 22. Rxb4 Qa6 23. Rb6 Qc8 24. Reb1 Nd7 25. Bxg7 Kxg7 26. Qd4+ Kg8 27. R6b4
Qd8 28. Rxa4 Nc5 29. Rab4 Nc8 30. a3 Qc7 31. e5 Ra7 32. g3 dxe5 33. Ncxe5 Nd6
34. Rc1 Rc8 35. Nc6 Rxa3 36. Qxc5 Rxf3 37. Ra4 Nf5 38. Ra3 Rxa3 39. Qxa3 Qd7
40. Qc5 Re8 41. Ra1 Qd6 42. Qxd6 Nxd6 43. Ra7 Kf8 44. Rd7 Ne4 45. Rb7 Nf6 46.
Rb5 Rc8 47. Ne5 1/2-1/2

[Event "XXXIX C.to Italiano a squadre A1"]
[Site "ITA"]
[Date "2007.04.01"]
[Round "4"]
[White "Cugini, Verter"]
[Black "Mauro, Alan"]
[Result "0-1"]
[WhiteElo "2199"]
[BlackElo "2195"]
[PlyCount "84"]
[EventDate "2007.02.18"]

1. e4 c5 2. g3 Nc6 3. Bg2 g6 4. Ne2 Bg7 5. O-O d6 6. d3 Nf6 7. Nbc3 O-O 8. h3
Nd4 9. Be3 e5 10. Nd5 Nxe2+ 11. Qxe2 Nxd5 12. exd5 f5 13. Qd2 b6 14. Bg5 Bf6
15. Bh6 Rf7 16. h4 Bg7 17. Rae1 f4 18. Bg5 Qf8 19. h5 f3 20. hxg6 hxg6 21. Bh1
Bh3 22. Re4 Bxf1 23. Kxf1 Qc8 24. g4 Qb7 25. c4 b5 26. Re3 Raf8 27. b3 Qa6 28.
Kg1 Qc8 29. Re4 b4 30. Kh2 a5 31. Kg3 Qd7 32. Qc2 a4 33. bxa4 Ra8 34. Bxf3 Qxa4
35. Qc1 Qxa2 36. Re2 Qa1 37. Be4 Qxc1 38. Bxc1 Ra1 39. Bb2 Rg1+ 40. Kh3 Bh6 41.
Bxg6 Rf3+ 42. Kh2 Rxg4 0-1

[Event "XXXIX C.to Italiano a squadre A1"]
[Site "ITA"]
[Date "2007.04.01"]
[Round "4"]
[White "De Poi, Paolo"]
[Black "Sbarra, Marco"]
[Result "1/2-1/2"]
[WhiteElo "2209"]
[BlackElo "2247"]
[PlyCount "77"]
[EventDate "2007.02.18"]

1. d4 d5 2. c4 e6 3. Nc3 c5 4. cxd5 exd5 5. Nf3 Nc6 6. g3 Nf6 7. Bg2 Be7 8. O-O
O-O 9. b3 Bg4 10. dxc5 Bxc5 11. Bb2 a6 12. Rc1 Ba7 13. Na4 d4 14. Nc5 Qe7 15.
Nd3 Rfe8 16. Rc2 Rad8 17. Qc1 h6 18. Re1 Bf5 19. Ba3 Qd7 20. Nh4 Be4 21. Nf3
Qf5 22. Rd1 Nd5 23. Bc5 Bxc5 24. Rxc5 Nc3 25. Rd2 Qf6 26. Nxd4 Nxd4 27. Qxc3
Bxd3 28. Qxd3 Nxe2+ 29. Rxe2 Qa1+ 30. Bf1 Rxd3 31. Rxe8+ Kh7 32. Kg2 Rd1 33.
Bc4 Rg1+ 34. Kh3 Qd4 35. Rc7 h5 36. f3 Qd2 37. Re2 Qd6 38. Rxf7 b5 39. Ree7
1/2-1/2

[Event "XXXIX C.to Italiano a squadre A1"]
[Site "ITA"]
[Date "2007.04.01"]
[Round "4"]
[White "Micheli, Carlo"]
[Black "Gabetto, Flaviano"]
[Result "1-0"]
[WhiteElo "2290"]
[BlackElo "2114"]
[PlyCount "67"]
[EventDate "2007.02.18"]

1. c4 e5 2. g3 Nc6 3. Bg2 g6 4. Nc3 Bg7 5. Rb1 a5 6. a3 Nge7 7. h4 h6 8. d3 d6
9. b4 axb4 10. axb4 O-O 11. b5 Nb8 12. e4 f5 13. h5 g5 14. exf5 Nxf5 15. Nge2
Nd7 16. Nd5 Nc5 17. Nec3 Nd4 18. Ne4 Ra2 19. Bb2 c6 20. Nb4 Nxe4 21. Bxe4 Qf6
22. O-O Rxb2 23. Rxb2 g4 24. bxc6 Qg5 25. Kg2 bxc6 26. Nxc6 Bf5 27. Nxd4 Bxe4+
28. dxe4 exd4 29. Rb5 Be5 30. c5 Qxh5 31. Rh1 Qg6 32. Qe2 Rf3 33. cxd6 d3 34.
Qa2+ 1-0

[Event "XXXIX C.to Italiano a squadre A1"]
[Site "ITA"]
[Date "2007.04.01"]
[Round "4"]
[White "Pace, Pietro Dario"]
[Black "Tonon, Alessandro"]
[Result "1-0"]
[WhiteElo "2220"]
[BlackElo "2186"]
[PlyCount "89"]
[EventDate "2007.02.18"]

1. e4 c5 2. Nf3 e6 3. d3 Nc6 4. g3 g6 5. Bg2 Bg7 6. h4 Nf6 7. O-O O-O 8. c3 d6
9. Re1 e5 10. Nbd2 Rb8 11. a4 a6 12. Nc4 Be6 13. Ne3 h6 14. d4 exd4 15. cxd4
Bg4 16. Nxg4 Nxg4 17. d5 Nce5 18. Nxe5 Nxe5 19. f4 Nd7 20. Rb1 Re8 21. h5 g5
22. e5 dxe5 23. fxg5 hxg5 24. Qg4 Nf6 25. Qxg5 Nh7 26. Qf5 Qf6 27. Qe4 Ng5 28.
Qg4 Bh6 29. Be3 Rbc8 30. d6 Qe6 31. Qxe6 Rxe6 32. Bxg5 Bxg5 33. Bh3 Rd8 34.
Bxe6 fxe6 35. Rxe5 Bf6 36. Rxe6 Kf7 37. Re2 Rxd6 38. Kg2 c4 39. Rf1 b5 40. axb5
axb5 41. Ra1 b4 42. Ra7+ Kf8 43. Rc7 c3 44. bxc3 bxc3 45. Rf2 1-0

[Event "XXXIX C.to Italiano a squadre A1"]
[Site "ITA"]
[Date "2007.04.01"]
[Round "4"]
[White "Radice, Luca"]
[Black "Rossi, Carlo"]
[Result "0-1"]
[WhiteElo "2070"]
[BlackElo "2342"]
[PlyCount "46"]
[EventDate "2007.02.18"]

1. d4 Nc6 2. e4 d5 3. Nc3 e5 4. dxe5 d4 5. Nd5 f5 6. exf6 Nxf6 7. Bc4 Be6 8.
Bg5 Nxd5 9. exd5 Qxg5 10. dxe6 Ne5 11. Qxd4 Rd8 12. Qe4 Nxc4 13. Nf3 Qd5 14.
Qg4 Ne5 15. Qh5+ Ng6 16. Qg4 Be7 17. O-O O-O 18. Rfe1 Rf6 19. h3 Rd6 20. Rad1
Qxd1 21. Rxd1 Rxd1+ 22. Kh2 Bd6+ 23. g3 Ne5 0-1

[Event "XXXIX C.to Italiano a squadre A1"]
[Site "ITA"]
[Date "2007.04.01"]
[Round "4"]
[White "Stangl, Markus"]
[Black "Marelli, Mauro"]
[Result "1-0"]
[WhiteElo "2465"]
[BlackElo "2256"]
[PlyCount "87"]
[EventDate "2007.02.18"]

1. Nf3 d5 2. c4 c6 3. d4 Nf6 4. Nc3 e6 5. g3 Bd6 6. Bg2 Nbd7 7. O-O O-O 8. Qc2
Qc7 9. c5 Be7 10. Bf4 Qd8 11. b4 Re8 12. e4 dxe4 13. Nxe4 Nxe4 14. Qxe4 Nf6 15.
Qe2 Nd5 16. Bd2 Bf6 17. a4 b6 18. Rab1 a6 19. cxb6 Qxb6 20. Qc4 Bd7 21. Ne5
Bxe5 22. dxe5 Rec8 23. Rfc1 Rab8 24. Be4 Qc7 25. Qe2 Qa7 26. Bd3 Ra8 27. Rc5
Qb6 28. Ra5 Rcb8 29. Qe4 f5 30. exf6 Nxf6 31. Qh4 c5 32. Bg5 e5 33. Rxc5 Bxa4
34. Bxf6 Qxf6 35. Qxh7+ Kf8 36. Rc7 Qh6 37. Qf5+ Kg8 38. Rbc1 Rf8 39. Qxe5 Rae8
40. Qd4 Rd8 41. Qg4 Bb3 42. R1c6 Rf6 43. Rc8 Rxc8 44. Rxc8+ 1-0

[Event "XXXIX C.to Italiano a squadre A1"]
[Site "ITA"]
[Date "2007.04.15"]
[Round "5"]
[White "Di Fonzo, Valerio"]
[Black "Buchicchio, Giampaolo"]
[Result "1/2-1/2"]
[WhiteElo "2212"]
[BlackElo "2287"]
[PlyCount "79"]
[EventDate "2007.02.18"]

1. e4 c5 2. Nf3 Nc6 3. d4 cxd4 4. Nxd4 Nf6 5. Nc3 e5 6. Ndb5 d6 7. Bg5 a6 8.
Na3 b5 9. Nd5 Qa5+ 10. Bd2 Qd8 11. Bg5 Be7 12. Bxf6 Bxf6 13. c3 Bg5 14. Nc2 Rb8
15. a4 bxa4 16. Ncb4 Bd7 17. Bxa6 Nxb4 18. cxb4 O-O 19. O-O Bc6 20. Rxa4 Bxa4
21. Qxa4 g6 22. Qc6 Bd2 23. b5 Ba5 24. Bb7 f6 25. b4 Bb6 26. Nxb6 Rf7 27. Rd1
Rfxb7 28. Rxd6 Qxd6 29. Qxd6 Rxb6 30. Qd5+ Kf8 31. h4 R8b7 32. g4 Rxb5 33. Qd8+
Kg7 34. g5 fxg5 35. hxg5 h6 36. Qf6+ Kh7 37. gxh6 Kxh6 38. Qh8+ Rh7 39. Qf8+
Rg7 40. Qh8+ 1/2-1/2

[Event "XXXIX C.to Italiano a squadre A1"]
[Site "ITA"]
[Date "2007.04.15"]
[Round "5"]
[White "Massironi, Marco"]
[Black "Cereda, Mauro K."]
[Result "1-0"]
[WhiteElo "2147"]
[BlackElo "1718"]
[PlyCount "91"]
[EventDate "2007.02.18"]

1. e4 d6 2. d4 Nf6 3. Nc3 e5 4. Nf3 Nbd7 5. Bc4 Be7 6. O-O O-O 7. Re1 c6 8. a4
b6 9. d5 Bb7 10. dxc6 Bxc6 11. Nd5 Nxd5 12. Bxd5 Bxd5 13. Qxd5 Nf6 14. Qd2 Qc7
15. b3 Qc6 16. Qd3 Rac8 17. c4 Nd7 18. Ba3 Rfd8 19. Nd2 Nf8 20. Nb1 Ne6 21. Nc3
Nf4 22. Qf1 Qd7 23. Rad1 Ne6 24. Nd5 Qb7 25. g3 Bf8 26. f4 exf4 27. gxf4 Nc5
28. Qf3 Re8 29. Re2 Kh8 30. f5 Nd7 31. Qg3 g6 32. Bb2+ Ne5 33. Nf6 Bg7 34. Nxe8
Rxe8 35. Rxd6 f6 36. Bxe5 fxe5 37. fxg6 h6 38. Qg4 Qc7 39. Red2 Rf8 40. Qh4
Qc5+ 41. Kg2 Qe3 42. R6d3 Qc5 43. Rf2 Qc6 44. Rxf8+ Bxf8 45. Qg4 Qf6 46. Qf5
1-0

[Event "XXXIX C.to Italiano a squadre A1"]
[Site "ITA"]
[Date "2007.04.15"]
[Round "5"]
[White "Mauro, Alan"]
[Black "Cordara, Michele"]
[Result "1-0"]
[WhiteElo "2195"]
[BlackElo "2152"]
[PlyCount "123"]
[EventDate "2007.02.18"]

1. e4 e6 2. d4 d5 3. Nc3 dxe4 4. Nxe4 Nd7 5. Bd3 Ngf6 6. Ne2 Nxe4 7. Bxe4 Nf6
8. Bf3 Bd6 9. O-O O-O 10. c4 c6 11. Nc3 Qc7 12. g3 e5 13. d5 Bh3 14. Re1 cxd5
15. Nxd5 Nxd5 16. Bxd5 Rae8 17. a3 a5 18. Be3 Be6 19. Qb3 Bc5 20. Rad1 b6 21.
Qc3 f6 22. b4 axb4 23. axb4 Bxe3 24. Rxe3 Bxd5 25. cxd5 Qd6 26. Qb3 Rc8 27. Rc3
Rxc3 28. Qxc3 Rd8 29. b5 Kf7 30. Qc6 Ke7 31. h4 Rd7 32. h5 h6 33. Rc1 Qxd5 34.
Qxb6 Rb7 35. Rc7+ Rxc7 36. Qxc7+ Ke6 37. b6 Qd1+ 38. Kg2 Qd5+ 39. Kh2 Qf3 40.
Qc4+ Kd7 41. Qc7+ Ke6 42. Qc5 f5 43. Qc8+ Kd6 44. Qc7+ Ke6 45. Qc4+ Kf6 46. Qc2
Ke7 47. Qb2 Qxh5+ 48. Kg2 f4 49. Qb4+ Kd7 50. Qb5+ Ke7 51. Qc5+ Ke6 52. Qc6+
Ke7 53. Qc7+ Ke6 54. Qc8+ Ke7 55. b7 fxg3 56. Qh3 Qe8 57. Qxg3 Kf6 58. Qf3+ Kg5
59. Qe3+ Kf5 60. Qd3+ Kg5 61. Qd2+ Kh5 62. Qd6 1-0

[Event "XXXIX C.to Italiano a squadre A1"]
[Site "ITA"]
[Date "2007.04.15"]
[Round "5"]
[White "Radice, Luca"]
[Black "Pace, Pietro Dario"]
[Result "1/2-1/2"]
[WhiteElo "2070"]
[BlackElo "2220"]
[PlyCount "72"]
[EventDate "2007.02.18"]

1. d4 d5 2. c4 c6 3. e3 Nf6 4. Nf3 Bf5 5. Nc3 e6 6. Bd3 Bxd3 7. Qxd3 Nbd7 8.
O-O Bb4 9. Bd2 O-O 10. a3 Bxc3 11. Bxc3 Ne4 12. Bb4 Re8 13. Rad1 a5 14. Bc3 a4
15. Ne5 Nd6 16. c5 Nxe5 17. dxe5 Ne4 18. Bd4 Qa5 19. Qc2 b6 20. Rc1 bxc5 21.
Bxc5 Nxc5 22. Qxc5 Qxc5 23. Rxc5 Rec8 24. Rfc1 Ra6 25. Kf1 Kf8 26. Rb5 Rc7 27.
Rb8+ Ke7 28. Rc5 f6 29. f4 fxe5 30. fxe5 Raa7 31. Rb4 Kd7 32. Rg4 Ke8 33. Rh4
h6 34. Rb4 Kd7 35. Rg4 Ke8 36. Rb4 Kd7 1/2-1/2

[Event "XXXIX C.to Italiano a squadre A1"]
[Site "ITA"]
[Date "2007.04.15"]
[Round "5"]
[White "Sbarra, Marco"]
[Black "Marelli, Mauro"]
[Result "0-1"]
[WhiteElo "2247"]
[BlackElo "2256"]
[PlyCount "136"]
[EventDate "2007.02.18"]

1. c4 c5 2. Nc3 Nc6 3. Nf3 g6 4. e3 Bg7 5. d4 cxd4 6. exd4 d6 7. h3 Nf6 8. d5
Nb8 9. Be2 O-O 10. O-O Nfd7 11. Nd4 a5 12. Bg5 Nc5 13. Qd2 Re8 14. Kh1 Nbd7 15.
f4 f5 16. Bf3 Nf6 17. Rae1 Bd7 18. Rg1 Qb6 19. Ndb5 h5 20. Bh4 Kf7 21. Bf2 Bxb5
22. Nxb5 Rac8 23. Re2 Qd8 24. Nc3 Nfd7 25. Rge1 Bxc3 26. Qxc3 Nf6 27. Bh4 Ncd7
28. Qd3 Qc7 29. b3 a4 30. Rb1 axb3 31. axb3 b5 32. cxb5 Qc3 33. Qxc3 Rxc3 34.
Bf2 Nc5 35. Ra2 Rb8 36. b4 Rxb5 37. Be1 Rb3 38. Rxb3 Nxb3 39. Be2 Rb8 40. Bc4
Nd4 41. Bc3 Rc8 42. Bxd4 Rxc4 43. Bxf6 Kxf6 44. Rb2 Rxf4 45. b5 Rc4 46. Kg1 Rc7
47. Kf2 Ke5 48. Kf3 g5 49. g4 hxg4+ 50. hxg4 fxg4+ 51. Kxg4 Kxd5 52. Kxg5 e5
53. Kf6 Rb7 54. Rd2+ Kc5 55. Ke6 e4 56. Re2 Kd4 57. Rd2+ Kc3 58. Rd5 Kc4 59.
Rd1 Rxb5 60. Kxd6 e3 61. Kc6 Rh5 62. Rd8 Rh6+ 63. Kc7 e2 64. Re8 Kd3 65. Rd8+
Kc2 66. Re8 Kd2 67. Rd8+ Ke1 68. Re8 Rh3 0-1

[Event "XXXIX C.to Italiano a squadre A1"]
[Site "ITA"]
[Date "2007.04.15"]
[Round "5"]
[White "Simoli, Sergio"]
[Black "Capaliku, Aleks"]
[Result "1-0"]
[WhiteElo "2268"]
[BlackElo "2107"]
[PlyCount "58"]
[EventDate "2007.02.18"]

1. Nf3 d5 2. g3 e6 3. b3 c5 4. Bb2 f5 5. Bg2 Nf6 6. O-O Bd6 7. c4 O-O 8. e3
Nbd7 9. Nc3 Qe7 10. Rc1 dxc4 11. bxc4 Nb6 12. Qb3 e5 13. d4 e4 14. Ne5 Be6 15.
Nb5 Bxe5 16. dxe5 Ng4 17. h3 Nh6 18. Rfd1 a6 19. Nd6 Nxc4 20. Nxc4 b5 21. Bf1
Nf7 22. Qc3 bxc4 23. Bxc4 Ng5 24. Kg2 Rfd8 25. Rd6 Qf7 26. Rxe6 Nxe6 27. Qb3
Re8 28. Rd1 Ra7 29. Rd6 Rb7 1-0

[Event "XII European Maccabi Games"]
[Site "Roma ITA"]
[Date "2007.07.05"]
[Round "1"]
[White "Avdeyeva, Viktoriya"]
[Black "Szuhanek, Ranko"]
[Result "0-1"]
[WhiteElo "2063"]
[BlackElo "2475"]
[PlyCount "78"]
[EventDate "2007.07.05"]

1. e4 c5 2. d4 cxd4 3. c3 d3 4. e5 Nc6 5. Nf3 d6 6. exd6 Qxd6 7. Bxd3 Bg4 8.
O-O O-O-O 9. Be2 Qxd1 10. Rxd1 Rxd1+ 11. Bxd1 e5 12. h3 Bh5 13. Nxe5 Bxd1 14.
Nxf7 Bh5 15. Nxh8 Be8 16. Bf4 g5 17. Bxg5 Bg7 18. Nd2 Bxh8 19. Nc4 Bg6 20. Rd1
Nge7 21. Nd6+ Kc7 22. Nb5+ Kb6 23. a4 Bc2 24. Be3+ Ka5 25. Ra1 Nd5 26. Bc5 b6
27. Bf8 Ka6 28. Nd6 Ne5 29. b4 Nxb4 30. Ra3 Nd5 31. c4 Nf4 32. Bh6 Ned3 33. Ra2
Bb3 34. Rd2 Bc3 35. Bxf4 Nxf4 36. Ne4 Bxd2 37. Nxd2 Bxa4 38. Kh2 Bd7 39. g3
Nxh3 0-1

[Event "XII European Maccabi Games"]
[Site "Roma ITA"]
[Date "2007.07.05"]
[Round "1"]
[White "Barokas, Avi"]
[Black "Litwak, Aleksej"]
[Result "0-1"]
[WhiteElo "1400"]
[BlackElo "2301"]
[PlyCount "50"]
[EventDate "2007.07.05"]

1. e4 c5 2. Nf3 e6 3. d4 cxd4 4. Nxd4 Nf6 5. Nc3 Nc6 6. Be3 Bb4 7. f3 d5 8. Bb5
Bd7 9. Nxc6 bxc6 10. Bd3 e5 11. a3 Bxc3+ 12. bxc3 dxe4 13. Bxe4 Nxe4 14. fxe4
Qh4+ 15. Ke2 Bg4+ 16. Kf1 Bxd1 17. Rxd1 Qxe4 18. Rd3 O-O 19. Kf2 Rfd8 20. Rhd1
Rd5 21. Ke2 Qxg2+ 22. Bf2 Qe4+ 23. Be3 f5 24. Kf2 Rad8 25. Bc5 Rxd3 0-1

[Event "XII European Maccabi Games"]
[Site "Roma ITA"]
[Date "2007.07.05"]
[Round "1"]
[White "Beim, Valery"]
[Black "Klein, David"]
[Result "1-0"]
[WhiteElo "2516"]
[BlackElo "2013"]
[PlyCount "63"]
[EventDate "2007.07.05"]

1. c4 Nf6 2. Nc3 g6 3. d4 Bg7 4. Bg5 d6 5. e3 Nbd7 6. Be2 c5 7. Nf3 h6 8. Bh4
Qa5 9. Qc2 a6 10. O-O g5 11. Bg3 Nh5 12. a3 Nxg3 13. hxg3 cxd4 14. b4 Qc7 15.
Nxd4 Nf6 16. Rac1 O-O 17. Rfd1 Bd7 18. Nf5 Bxf5 19. Qxf5 Qc8 20. Qxc8 Raxc8 21.
Na4 Ne4 22. Bf3 f5 23. g4 Rc7 24. gxf5 Nf6 25. c5 dxc5 26. Rxc5 Rfc8 27. Bxb7
Rxc5 28. Nxc5 Rc7 29. Bxa6 Ng4 30. Rd8+ Kh7 31. f6 Nxf6 32. Bd3+ 1-0

[Event "XII European Maccabi Games"]
[Site "Roma ITA"]
[Date "2007.07.05"]
[Round "1"]
[White "Burstein, Roman"]
[Black "Borzova, Asya"]
[Result "1-0"]
[WhiteElo "2375"]
[BlackElo "1758"]
[PlyCount "33"]
[EventDate "2007.07.05"]

1. c4 e6 2. g3 d5 3. Nf3 g6 4. Bg2 Bg7 5. O-O c5 6. d4 Nc6 7. dxc5 d4 8. Na3 a6
9. e3 Nge7 10. exd4 Nxd4 11. Nc2 Nec6 12. Ncxd4 Nxd4 13. Nxd4 Qxd4 14. c6 Qb6
15. c5 Qc7 16. Qd6 Qb8 17. c7 1-0

[Event "XII European Maccabi Games"]
[Site "Roma ITA"]
[Date "2007.07.05"]
[Round "1"]
[White "Davidov, Samir Fatali Oglu"]
[Black "Angel, Harold Bernard"]
[Result "1-0"]
[WhiteElo "2314"]
[BlackElo "1400"]
[PlyCount "113"]
[EventDate "2007.07.05"]

1. e4 e6 2. d4 d5 3. Nc3 Nf6 4. e5 Nfd7 5. Nce2 c5 6. c3 Nc6 7. f4 Qb6 8. Nf3
Be7 9. Rb1 cxd4 10. cxd4 Qa5+ 11. Nc3 a6 12. Bd2 Qd8 13. a3 b5 14. f5 Nb6 15.
fxe6 Bxe6 16. Bd3 Bg4 17. Be3 Nc4 18. Bf2 Bg5 19. Bxc4 dxc4 20. h3 Bf5 21. Nxg5
Qxg5 22. Qf3 O-O 23. Rd1 Na5 24. Be3 Qg6 25. Nd5 Ra7 26. Nf4 Be4 27. Nxg6 Bxf3
28. gxf3 hxg6 29. f4 Rd7 30. d5 Nb3 31. O-O Rc8 32. d6 Nc5 33. Rd5 Nd3 34. Bd4
Kf8 35. h4 Ke8 36. h5 gxh5 37. f5 Rc6 38. f6 g6 39. Kg2 Rb7 40. e6 fxe6 41. d7+
Rxd7 42. Rxd7 Kxd7 43. f7 Rc8 44. f8=Q Rxf8 45. Rxf8 e5 46. Bc3 Ke6 47. Ra8
Nf4+ 48. Kf3 Kf5 49. Rf8+ Ke6 50. Re8+ Kd7 51. Rxe5 Nd3 52. Rg5 h4 53. Kg4 Nf2+
54. Kxh4 Ne4 55. Rxg6 Nxc3 56. bxc3 a5 57. Rb6 1-0

[Event "XII European Maccabi Games"]
[Site "Roma ITA"]
[Date "2007.07.05"]
[Round "1"]
[White "De Vries, Joel"]
[Black "Kleiman, Boris"]
[Result "0-1"]
[WhiteElo "1700"]
[BlackElo "2337"]
[PlyCount "58"]
[EventDate "2007.07.05"]

1. e4 c5 2. Nf3 d6 3. d4 cxd4 4. Nxd4 Nf6 5. Nc3 a6 6. Be3 Ng4 7. Qd2 Nxe3 8.
Qxe3 e6 9. Be2 Be7 10. O-O O-O 11. f4 Nc6 12. f5 Bf6 13. Nxc6 bxc6 14. Qg3 exf5
15. exf5 d5 16. Rf3 Qb6+ 17. Kh1 Qxb2 18. Raf1 Qxc2 19. Bd1 Qb2 20. R1f2 Qb4
21. a3 Qb8 22. Qg4 Re8 23. Ne2 Re4 24. Rf4 Qe5 25. Rxe4 Qxe4 26. Rf4 Qe5 27.
Ng3 Bd7 28. h3 Rb8 29. Nh5 Rb1 0-1

[Event "XII European Maccabi Games"]
[Site "Roma ITA"]
[Date "2007.07.05"]
[Round "1"]
[White "Fraas, Martin"]
[Black "David, Dan"]
[Result "1-0"]
[WhiteElo "2175"]
[BlackElo "1400"]
[PlyCount "47"]
[EventDate "2007.07.05"]

1. e4 e5 2. Nf3 Qf6 3. Nc3 c6 4. d4 exd4 5. e5 Qe6 6. Qxd4 d6 7. Be3 dxe5 8.
Nxe5 Bd6 9. Nxf7 Qxf7 10. Qxd6 Ne7 11. Ne4 O-O 12. Ng5 Nf5 13. Nxf7 Nxd6 14.
Nxd6 Be6 15. O-O-O b6 16. Bc4 Bxc4 17. Nxc4 Na6 18. Rd7 Nb4 19. Bd4 Rf4 20. Rd1
c5 21. Rxg7+ Kf8 22. Rxh7 Rg4 23. Ne5 cxd4 24. Nxg4 1-0

[Event "XII European Maccabi Games"]
[Site "Roma ITA"]
[Date "2007.07.05"]
[Round "1"]
[White "Gabovits, Illia"]
[Black "Ni, Viktorija"]
[Result "0-1"]
[WhiteElo "1400"]
[BlackElo "2147"]
[PlyCount "54"]
[EventDate "2007.07.05"]

1. d4 Nf6 2. Nf3 g6 3. Bg5 Bg7 4. e3 O-O 5. c3 d6 6. Nbd2 c5 7. Bd3 Nc6 8. O-O
a6 9. Bxf6 exf6 10. d5 Ne7 11. c4 f5 12. Rb1 b5 13. b3 h6 14. h4 Kh8 15. Qe2
Re8 16. Rfe1 Ng8 17. cxb5 Nf6 18. Bc4 axb5 19. Bxb5 Re7 20. a4 Nxd5 21. Bc6 Nc3
22. Qd3 Ba6 23. Qc2 Rc8 24. Bb5 Bxb5 25. axb5 Nxb1 26. Nxb1 Qa5 27. Qc4 Rb8 0-1

[Event "XII European Maccabi Games"]
[Site "Roma ITA"]
[Date "2007.07.05"]
[Round "1"]
[White "Gerasimenyk, Mikhaylo"]
[Black "Leveikina, Jevgenija"]
[Result "1-0"]
[WhiteElo "2150"]
[BlackElo "2033"]
[PlyCount "41"]
[EventDate "2007.07.05"]

1. d4 c6 2. Nf3 d5 3. c4 Nf6 4. Nc3 e6 5. Bg5 Nbd7 6. e3 Be7 7. Bd3 O-O 8. c5
b6 9. b4 bxc5 10. bxc5 Qa5 11. Qd2 Re8 12. O-O Ba6 13. Rfb1 Bxd3 14. Qxd3 e5
15. dxe5 Nxc5 16. Qd2 Nfd7 17. Bxe7 Rxe7 18. Nxd5 Qxd2 19. Nxe7+ Kf8 20. Nxd2
Kxe7 21. Nc4 1-0

[Event "XII European Maccabi Games"]
[Site "Roma ITA"]
[Date "2007.07.05"]
[Round "1"]
[White "Grunberg, Mihai Lucian"]
[Black "Ni, Polina"]
[Result "1-0"]
[WhiteElo "2472"]
[BlackElo "1963"]
[PlyCount "105"]
[EventDate "2007.07.05"]

1. Nf3 Nf6 2. c4 e6 3. g3 d5 4. Bg2 Bd6 5. O-O O-O 6. d4 c6 7. Qc2 Nbd7 8. Rd1
Ne4 9. b3 f5 10. e3 Ndf6 11. Ne5 Bc7 12. a4 a5 13. Ba3 Bd6 14. f3 Ng5 15. Nc3
Qe7 16. Bxd6 Qxd6 17. Rd2 Bd7 18. Ne2 Rac8 19. c5 Qe7 20. Nf4 Rb8 21. Qc3 Qd8
22. Nxd7 Qxd7 23. Qxa5 Nf7 24. Nd3 Rfe8 25. Qc3 Ra8 26. b4 Qc7 27. b5 Qa5 28.
Qxa5 Rxa5 29. bxc6 bxc6 30. Rb2 Rea8 31. Rb6 Nd7 32. Rxc6 Nd8 33. Rd6 Nf8 34.
Ne5 Nf7 35. Nxf7 Kxf7 36. e4 Rxa4 37. Rxa4 Rxa4 38. exd5 Rxd4 39. dxe6+ Nxe6
40. Rxd4 Nxd4 41. f4 Ke6 42. Kf2 Nb3 43. c6 Kd6 44. Ke3 Na5 45. Kd4 Nb3+ 46.
Kc4 Nd2+ 47. Kb5 Kc7 48. Kc5 g6 49. Kd5 Nb3 50. Ke5 Nd2 51. Kf6 Ne4+ 52. Kg7
Kxc6 53. Kxh7 1-0

[Event "XII European Maccabi Games"]
[Site "Roma ITA"]
[Date "2007.07.05"]
[Round "1"]
[White "Herzfeld, Adam"]
[Black "Degtiarev, Evgeny"]
[Result "0-1"]
[WhiteElo "1800"]
[BlackElo "2385"]
[PlyCount "38"]
[EventDate "2007.07.05"]

1. e4 c5 2. Nc3 d6 3. g3 Nc6 4. Bg2 g6 5. d3 Bg7 6. f4 e6 7. Nf3 Nge7 8. O-O
O-O 9. Ne2 b6 10. Rb1 Ba6 11. Bd2 Qc7 12. Qe1 Rae8 13. g4 f5 14. g5 c4 15. Nc1
fxe4 16. dxe4 c3 17. Bxc3 Bxc3 18. Qxc3 Bxf1 19. Bxf1 Rxf4 0-1